Optical-trapping raman microscopy detection of single unilamellar lipid vesicles /
Đã lưu trong:
| Hovedforfatter: | |
|---|---|
| Andre forfattere: | , |
| Format: | Bài viết |
| Sprog: | English |
| Fag: | |
| Tags: |
Tilføj Tag
Ingen Tags, Vær først til at tagge denne postø!
|
| Thư viện lưu trữ: | Thư viện Trường Đại học Đà Lạt |
|---|
| LEADER | 01047nam a2200349 4500 | ||
|---|---|---|---|
| 001 | DLU090097585 | ||
| 005 | ##20091201 | ||
| 040 | # | # | |a DLU |b eng |
| 041 | # | # | |a eng |
| 044 | # | # | |a us |
| 100 | # | # | |a Cherney, Daniel P. |
| 245 | # | # | |a Optical-trapping raman microscopy detection of single unilamellar lipid vesicles / |c Daniel P. Cherney, John C. Conboy, Joel M. Harris. |
| 653 | # | # | |a Bilayer |
| 653 | # | # | |a Confocal microscopy |
| 653 | # | # | |a Liposome |
| 653 | # | # | |a Optical microscopy |
| 653 | # | # | |a Phosphatidylcholine |
| 653 | # | # | |a Phospholipid |
| 653 | # | # | |a Raman scattering |
| 653 | # | # | |a Raman spectrometry |
| 700 | # | # | |a Conboy, John C. |
| 700 | # | # | |a Harris, Joel M. |
| 773 | # | # | |t Analytical Chemistry |g Vol. 75, no. 23 (December 2003), p. 6621-6628 |
| 920 | # | # | |a Phòng Tạp chí -- Trung tâm Thông tin - Thư viện Trường Đại học Đà Lạt |
| 994 | # | # | |a DLU |
| 900 | # | # | |a True |
| 911 | # | # | |a Trương Bảo Trâm Anh |
| 925 | # | # | |a G |
| 926 | # | # | |a A |
| 927 | # | # | |a BB |
| 980 | # | # | |a Thư viện Trường Đại học Đà Lạt |